000 00800nam a22001937a 4500
999 _c57344
_d57344
003 Ge_BSU
005 20200810130239.0
008 200527s2016 ge ||||| |||| 00| 0 geo d
020 _a9789941947780
041 _ageo
080 _a342.9(479.22) ტ-92
100 _aტურავა, პაატა
_99153
245 _aზოგადი ადმინისტრაციული სამართალი /
_cპაატა ტურავა.
264 _aთბილისი :
_bიურისტების სამყარო,
_c 2016.
300 _a298 გვ. ;
_b20 სმ.
504 _aბიბლიოგრ.: გვ. 296.
653 _aსაქართველოს ადმინისტრაციული სამართალი
942 _2udc
_cBK